| LDR | | 00000nam c2200205 k 4500 |
| 001 | | 000000341241 |
| 005 | | 20260409164801 |
| 007 | | ta |
| 008 | | 260407s2019 ulkacd r 001a kor |
| 020 | |
▼a 9788999716256
▼g 93180 :
▼c \28000 |
| 040 | |
▼a 248032
▼c 248032
▼d 248032 |
| 049 | 0 |
▼l EM111845
▼l EM111846
▼c 2 |
| 056 | |
▼a 183
▼2 4 |
| 090 | |
▼a 183
▼b 성94ㅂ |
| 245 | 20 |
▼a 발달심리학 =
▼x Developmental Psychology /
▼d 성현란,
▼e 성은현,
▼e 장유경,
▼e 정명숙,
▼e 박혜원,
▼e 이현진,
▼e 정윤경,
▼e 김혜리,
▼e 송현주,
▼e 유경,
▼e 유연옥 공저 |
| 250 | |
▼a 1판 |
| 260 | |
▼a 서울 :
▼b 학지사,
▼c 2019 |
| 300 | |
▼a 573 p. :
▼b 천연색삽화, 초상, 표 ;
▼c 27 cm |
| 504 | |
▼a 참고문헌(p. 509-566) 및 색인(p. 567-573) 수록 |
| 653 | |
▼a 발달심리학
▼a 인지발달
▼a 아동발달 |
| 700 | 1 |
▼a 성현란,
▼e 저 |
| 700 | 1 |
▼a 성은현,
▼e 공저 |
| 700 | 1 |
▼a 장유경,
▼e 공저 |
| 700 | 1 |
▼a 정명숙,
▼e 공저 |
| 700 | 1 |
▼a 박혜원,
▼e 공저 |
| 700 | 1 |
▼a 이현진,
▼e 공저 |
| 700 | 1 |
▼a 정윤경,
▼e 공저 |
| 700 | 1 |
▼a 김혜리,
▼e 공저 |
| 700 | 1 |
▼a 송현주,
▼e 공저 |
| 700 | 1 |
▼a 유경,
▼e 공저 |
| 700 | 1 |
▼a 유연옥,
▼e 공저 |
| 950 | 0 |
▼b \28000 |
| 990 | |
▼a 관리자2
▼b 관리자2 |